000 01095nam0a2200325 4500
001 RU\NLR\BIBL_A\022391777
005 20250121112144.0
010 _a978-5-04-198369-7
_91500
021 _aRU
_bКН-П-24-060991
_9КН-П-24-6061
035 _a(NLR Aleph) 022391777
090 _a13332284
_c13332284
100 _a20241126d2024 u y0rusy50 ca
101 0 _arus
102 _aRU
105 _ay z 000ay
181 0 _ai4
_baxxe
182 0 _an
200 1 _aСемья убийц
_fВладимир Колычев
203 _aТекст
_bвизуальный
_cнепосредственный
210 _aМосква
_cЭксмо
_d2024
215 _a317, [1] c.
_d21
225 1 _aКолычев. Лучшая криминальная драма
333 _a16+
686 2 _aШ6(2=Р)8-446
700 1 _7ca
_8rus
_aКолычев
_bВ. Г.
_f1968-
_gВладимир Григорьевич
_936105
_3RU\NLR\AUTH\7753172
942 _cBOOK
980 _aNB